LEADER 01589nam a2200361 u 4500 001 000000071962 003 CaOOAMICUS 005 20070226122205.0 008 020607s2001 it u000 u ita u 020 $a8882942619 035 $a10932554 040 $aPUL$bita 110 1 $aItalia.$0(OLS)http://pul/name/1188 240 10$aLeggi, ecc.$9(Italia).$0(OLS)http://pul/title/1565 245 13$aIl nuovo codice doganale annotato per articolo /$ca cura di Danilo Biancospino, Vito Capacchione, Massimo Moretto. 250 $a3. ed. 260 $aPiacenza :$bLa tribuna,$cc2001. 300 $a2206 p. ;$c20 cm 500 $aContiene indici. 650 4$aDiritto commerciale internazionale.$0(OLS)http://pul/subject/25158 700 1 $aMoretto, Massimo.$0(OLS)http://pul/name/47668 700 1 $aCapacchione, Vito.$0(OLS)http://pul/name/47667 700 1 $aBiancospino, Danilo.$0(OLS)http://pul/name/47666 850 $aPUL 852 $aPUL$W1$xDP2 Cons. Gen., Altre Classi 1$y61$m1379 B 7$j93083$nBK-PRI$qStampati$B93083$CPULBib$Z2$F93083 $H87112 $82 852 $aPUL$W1$xDP2 Diritto e Scienze Sociali 2$y100$mUtrCiv E 26$j93084$nBK-PRI$qStampati Altre Collocazioni$B93084$CPULBib$Z2$F93084 $H87111 $82 941 1 $a8 941 1 $a10 961 $aINV: 87112 961 $aINV: 87111 996 $6020$a8882942619$9(OLS)http://pul/number/92943 996 $6245$aIl nuovo codice doganale annotato per articolo$9(OLS)http://pul/title/94699 996 $6260$aPiacenza :$bLa tribuna$9(OLS)http://pul/publisher/62750 LEADER 01565nam a2200361 a 4500 001 000000149983 003 CaOOAMICUS 005 20160420152317.0 008 160303s2016 it u000 u ita r 020 $a978-88-6689-938-9* 032 $aLibriCat 040 $aPUL$bita 082 $a348.45 110 1 $aItalia.$0(OLS)http://pul/name/1188 240 10$aCodice di procedura civile (2016).$0(OLS)http://pul/title/189040 245 10$aCodice di procedura civile e leggi complementari /$ca cura di Francesco Bartolini. 250 $a33. ed. 260 $aPiacenza :$bLa Tribuna,$c©2016. 300 $a1182 p. ;$c19 cm. 490 1 $aI codici vigenti 2016 500 $aTesto su due colonne. 500 $aSulla cop.: Aggiornato con l'impignorabilitą degli animali domestici (L. n. 221 del 28/12/2015). 650 4$aProcedura civile$zItalia.$0(OLS)http://pul/subject/14566 700 1 $aBartolini, Francesco,$d1942-$0(OLS)http://pul/name/35926 830 0$aCodici vigenti 2016.$0(OLS)http://pul/title/189041 850 $aPUL 852 $aPUL$W1$xDP2 Diritto e Scienze Sociali 3$y110$m348. 45 COD 3.1.63$j172593$qDDC 21$B174438$CPULBib$Z2$F174438 $H127335 $81 941 1 $a9 996 $6020$a978-88-6689-938-9*$9(OLS)http://pul/number/159928 996 $6082$a348.45$9(OLS)http://pul/classification/373 996 $6245$aCodice di procedura civile e leggi complementari$9(OLS)http://pul/title/152263 996 $6260$aPiacenza :$bLa Tribuna$9(OLS)http://pul/publisher/69734